| 000 | 00534cam a22002291 4500 | ||
|---|---|---|---|
| 001 | sa 66006736 | ||
| 003 | DLC | ||
| 005 | 20260227112258.0 | ||
| 008 | 960222s1965 xx 000 1 tamr | ||
| 010 | _asa 66006736 | ||
| 025 | _aPL480:I-T-1280 | ||
| 035 | _a(OCoLC)34241425 | ||
| 040 |
_aDLC _cNRU _dDLC |
||
| 042 | _apremarc | ||
| 050 | 0 | 0 |
_aPL4758.9.V29 _bK8 |
| 100 | 0 |
_aVācavan̲, _d1927- |
|
| 245 | 1 | 0 | _aKumarit tōṭṭam. |
| 260 | _c[1965] | ||
| 300 |
_a179 p. _c18 cm. |
||
| 546 | _aIn Tamil. | ||
| 500 | _aA novel. | ||
| 999 |
_c70692 _d70692 |
||